| 000 | 01927nam a2200457Ii 4500 | ||
|---|---|---|---|
| 001 | DIGUCOCOL0128 | ||
| 003 | NyNyDIG | ||
| 006 | m o d | ||
| 007 | cr ||||||||||| | ||
| 008 | 241002s2023 ck ob 000 0 spa d | ||
| 035 | _a(OCoLC)1460842726 | ||
| 040 |
_aDGITA _beng _erda _epn _cDGITA |
||
| 020 |
_a9789587604511 _q(pdf) |
||
| 020 |
_a9789587604528 _q(ePub) |
||
| 020 |
_z9789587604504 _q(impreso) |
||
| 041 | 0 |
_aspa _bspa _beng |
|
| 050 | 1 | 4 | _aKG76 ebook |
| 245 | 0 | 3 |
_aLa seguridad de los derechos en Indoamérica : _bun estudio multidisiplinario de la situación actual / _cGino Augusto Tomás Ríos Patio, Augusto Renzo Espinoza Bonifaz, editores. |
| 264 | 1 |
_aBogotá, Colombia : _bEdiciones Universidad Cooperativa de Colombia, _c[2023] |
|
| 300 | _a1 online resource. | ||
| 336 |
_atext _btxt _2rdacontent |
||
| 337 |
_acomputer _bc _2rdamedia |
||
| 338 |
_aonline resource _bcr _2rdacarrier |
||
| 347 |
_atext file _2rdaft |
||
| 347 | _bPDF | ||
| 490 | 1 | _aColección Investigación en derecho | |
| 504 | _aIncludes bibliographical references. | ||
| 546 | _aText in Spanish with abstract in Spanish and English in each chapter. | ||
| 588 | 0 | _aOnline resource; title from PDF title page (Digitalia, viewed October 2, 2024) | |
| 650 | 0 |
_aContracts _xLaw and legislation. |
|
| 650 | 0 | _aCommercial law. | |
| 700 | 1 |
_aRíos Patio, Gino, _eeditor. |
|
| 700 | 1 |
_aEspinoza Bonifaz, Renzo, _eeditor. |
|
| 776 | 0 | 8 |
_iPrint version: _tSeguridad de los derechos en Indoamérica. _dBogotá, Colombia : Ediciones Universidad Cooperativa de Colombia, [2023] _z9789587604504 |
| 791 | 2 |
_aDigitalia (Firm), _edistributor. |
|
| 793 | 0 |
_gDigitalia eBook Collection: _aEdiciones Universidad Cooperativa de Colombia |
|
| 830 | 0 | _aColección investigación en derecho. | |
| 856 | 4 | 0 |
_3Digitalia Hispánica _uhttps://www.digitaliapublishing.com/a/156294/ |
| 910 | _aPremium collection: 2024 | ||
| 942 | _cRAA | ||
| 999 |
_c286374 _d286374 |
||